Parc Natural de Sant Llorenç del Munt i l'Obac
Descripción Física:
[5] p. : il. col. ; 21 cm, 44 x 33 despleg.
MARC
| LEADER | 00000nam a2200000Ia 4500 | ||
|---|---|---|---|
| 001 | 14980 | ||
| 008 | 160829s2002 xx 000 0 cat d | ||
| 080 | |a FU-31-73 | ||
| 100 | |a Parc Natural de Sant Llorenç del Munt i l'Obac | ||
| 245 | |a Parc Natural de Sant Llorenç del Munt i l'Obac | ||
| 250 | |a Ed. en català | ||
| 260 | |a [Barcelona] : |b Diputació de Barcelona, Xarxa de Municipis, Àrea d'Espais Naturals, |c 2002 | ||
| 300 | |a [5] p. : |b il. col. ; |c 21 cm, 44 x 33 despleg. | ||
| 590 | |a Inclou un mapa de la zona. | ||
| 590 | |a Existeix una edició en castellà | ||
| 610 | 1 | 0 | |a Parc Natural de Sant Llorenç del Munt i l'Obac (Catalunya) |v Guies |9 52718 |
| 710 | |a Barcelona (Catalunya : Província). |b Àrea d'Espais Naturals |9 9050 | ||
| 901 | |a Arxiu | ||
| 942 | |n 1 | ||
| 952 | |0 0 |1 0 |4 0 |6 FU3173 |7 1 |9 53266 |a Arxiu |b Arxiu |d 2016-12-01 |l 0 |o FU-31-73 |p 14980 |r 2016-12-01 00:00:00 |w 2016-12-01 |y ARXIU | ||
| 999 | |c 57130 |d 57130 | ||